<?xml version="1.0" encoding="UTF-8"?>
<collection xmlns="http://www.loc.gov/MARC21/slim">
 <record>
  <leader>00651pamaa2200205   4500</leader>
  <controlfield tag="001">0000018892</controlfield>
  <controlfield tag="005">20060614090000.0</controlfield>
  <datafield tag="020" ind1="0" ind2="0">
   <subfield code="a">0003223132 </subfield>
  </datafield>
  <datafield tag="082" ind1=" " ind2=" ">
   <subfield code="a">658.15 SUR</subfield>
  </datafield>
  <datafield tag="090" ind1="0" ind2="0">
   <subfield code="a">HG4026 </subfield>
   <subfield code="b">SUR 1993</subfield>
  </datafield>
  <datafield tag="100" ind1="1" ind2="0">
   <subfield code="a">SURRIDGE </subfield>
  </datafield>
  <datafield tag="245" ind1="1" ind2="0">
   <subfield code="a">Business explained : </subfield>
   <subfield code="b">finance, information and business  </subfield>
   <subfield code="c">Malcolm Surridge, Tony Bushell and Philip Gunn.</subfield>
  </datafield>
  <datafield tag="260" ind1="0" ind2="0">
   <subfield code="a">London: </subfield>
   <subfield code="b">Collins Educational, </subfield>
   <subfield code="c">1993`.</subfield>
  </datafield>
  <datafield tag="300" ind1=" " ind2=" ">
   <subfield code="a">ix, 176p.: </subfield>
   <subfield code="b">27cm.</subfield>
  </datafield>
  <datafield tag="650" ind1="0" ind2="0">
   <subfield code="a">Management information systems </subfield>
  </datafield>
  <datafield tag="650" ind1="0" ind2="0">
   <subfield code="a">Financial management </subfield>
  </datafield>
  <datafield tag="650" ind1="0" ind2="0">
   <subfield code="a">Business </subfield>
  </datafield>
  <datafield tag="700" ind1="1" ind2="1">
   <subfield code="a">BUSHEL, </subfield>
   <subfield code="h">Tony </subfield>
  </datafield>
  <datafield tag="700" ind1="1" ind2="1">
   <subfield code="a">Gunn, </subfield>
   <subfield code="h">Philip </subfield>
  </datafield>
  <datafield tag="740" ind1="0" ind2="0">
   <subfield code="a">Finance, information and business/Malcolm Surridge</subfield>
  </datafield>
 </record>
</collection>
